<?xml version="1.0" encoding="UTF-8"?>
<record
    xmlns:xsi="http://www.w3.org/2001/XMLSchema-instance"
    xsi:schemaLocation="http://www.loc.gov/MARC21/slim http://www.loc.gov/standards/marcxml/schema/MARC21slim.xsd"
    xmlns="http://www.loc.gov/MARC21/slim">

  <leader>03336nam a22004457a 4500</leader>
  <datafield tag="952" ind1=" " ind2=" ">
    <subfield code="0">0</subfield>
    <subfield code="1">0</subfield>
    <subfield code="2">lcc</subfield>
    <subfield code="4">0</subfield>
    <subfield code="7">0</subfield>
    <subfield code="a">20</subfield>
    <subfield code="b">20</subfield>
    <subfield code="d">2016-10-25</subfield>
    <subfield code="l">0</subfield>
    <subfield code="o">G155.A1 I57 2014</subfield>
    <subfield code="p">20 003537</subfield>
    <subfield code="r">2016-10-25</subfield>
    <subfield code="t">1</subfield>
    <subfield code="w">2016-10-25</subfield>
    <subfield code="y">LB</subfield>
  </datafield>
  <datafield tag="952" ind1=" " ind2=" ">
    <subfield code="0">0</subfield>
    <subfield code="1">0</subfield>
    <subfield code="2">lcc</subfield>
    <subfield code="4">0</subfield>
    <subfield code="7">0</subfield>
    <subfield code="a">20</subfield>
    <subfield code="b">20</subfield>
    <subfield code="d">2016-10-25</subfield>
    <subfield code="l">0</subfield>
    <subfield code="o">G155.A1 I57 2014</subfield>
    <subfield code="p">20 003538</subfield>
    <subfield code="r">2016-10-25</subfield>
    <subfield code="t">2</subfield>
    <subfield code="w">2016-10-25</subfield>
    <subfield code="y">LB</subfield>
  </datafield>
  <datafield tag="952" ind1=" " ind2=" ">
    <subfield code="0">0</subfield>
    <subfield code="1">0</subfield>
    <subfield code="2">lcc</subfield>
    <subfield code="4">0</subfield>
    <subfield code="7">0</subfield>
    <subfield code="a">20</subfield>
    <subfield code="b">20</subfield>
    <subfield code="d">2016-10-26</subfield>
    <subfield code="l">0</subfield>
    <subfield code="o">G155.A1 I57 2014</subfield>
    <subfield code="p">20 003546</subfield>
    <subfield code="r">2016-10-26</subfield>
    <subfield code="t">3</subfield>
    <subfield code="w">2016-10-26</subfield>
    <subfield code="y">LB</subfield>
  </datafield>
  <datafield tag="952" ind1=" " ind2=" ">
    <subfield code="0">0</subfield>
    <subfield code="1">0</subfield>
    <subfield code="2">lcc</subfield>
    <subfield code="4">0</subfield>
    <subfield code="7">0</subfield>
    <subfield code="a">14</subfield>
    <subfield code="b">14</subfield>
    <subfield code="d">2016-11-03</subfield>
    <subfield code="l">0</subfield>
    <subfield code="o">G155.A1 I57 2014</subfield>
    <subfield code="p">14 006128</subfield>
    <subfield code="r">2016-11-09</subfield>
    <subfield code="t">1</subfield>
    <subfield code="w">2016-11-09</subfield>
    <subfield code="y">LB</subfield>
  </datafield>
  <datafield tag="952" ind1=" " ind2=" ">
    <subfield code="0">0</subfield>
    <subfield code="1">0</subfield>
    <subfield code="2">lcc</subfield>
    <subfield code="4">0</subfield>
    <subfield code="7">0</subfield>
    <subfield code="a">14</subfield>
    <subfield code="b">14</subfield>
    <subfield code="d">2016-11-03</subfield>
    <subfield code="l">1</subfield>
    <subfield code="o">G155.A1 I57 2014</subfield>
    <subfield code="p">14 006129</subfield>
    <subfield code="r">2017-06-19</subfield>
    <subfield code="s">2017-06-16</subfield>
    <subfield code="t">2</subfield>
    <subfield code="w">2016-11-09</subfield>
    <subfield code="y">LB</subfield>
  </datafield>
  <datafield tag="952" ind1=" " ind2=" ">
    <subfield code="0">0</subfield>
    <subfield code="1">0</subfield>
    <subfield code="2">lcc</subfield>
    <subfield code="4">0</subfield>
    <subfield code="7">0</subfield>
    <subfield code="a">20</subfield>
    <subfield code="b">20</subfield>
    <subfield code="d">2016-11-09</subfield>
    <subfield code="l">0</subfield>
    <subfield code="o">G155.A1 I57 2014</subfield>
    <subfield code="p">20 003590</subfield>
    <subfield code="r">2016-11-09</subfield>
    <subfield code="t">4</subfield>
    <subfield code="w">2016-11-09</subfield>
    <subfield code="y">LB</subfield>
  </datafield>
  <datafield tag="952" ind1=" " ind2=" ">
    <subfield code="0">0</subfield>
    <subfield code="1">0</subfield>
    <subfield code="2">lcc</subfield>
    <subfield code="4">0</subfield>
    <subfield code="7">0</subfield>
    <subfield code="a">07</subfield>
    <subfield code="b">07</subfield>
    <subfield code="d">2017-01-20</subfield>
    <subfield code="l">0</subfield>
    <subfield code="o">G155.A1 I57 2014</subfield>
    <subfield code="p">07 006029</subfield>
    <subfield code="r">2017-01-20</subfield>
    <subfield code="t">1</subfield>
    <subfield code="w">2017-01-20</subfield>
    <subfield code="y">LB</subfield>
  </datafield>
  <datafield tag="952" ind1=" " ind2=" ">
    <subfield code="0">0</subfield>
    <subfield code="1">0</subfield>
    <subfield code="2">lcc</subfield>
    <subfield code="4">0</subfield>
    <subfield code="7">0</subfield>
    <subfield code="a">07</subfield>
    <subfield code="b">07</subfield>
    <subfield code="d">2017-01-20</subfield>
    <subfield code="l">0</subfield>
    <subfield code="o">G155.A1 I57 2014</subfield>
    <subfield code="p">07 006030</subfield>
    <subfield code="r">2017-01-20</subfield>
    <subfield code="t">2</subfield>
    <subfield code="w">2017-01-20</subfield>
    <subfield code="y">LB</subfield>
  </datafield>
  <datafield tag="952" ind1=" " ind2=" ">
    <subfield code="0">0</subfield>
    <subfield code="1">0</subfield>
    <subfield code="2">lcc</subfield>
    <subfield code="4">0</subfield>
    <subfield code="7">0</subfield>
    <subfield code="a">13</subfield>
    <subfield code="b">13</subfield>
    <subfield code="d">2017-03-23</subfield>
    <subfield code="l">0</subfield>
    <subfield code="o">G155.A1 I57 2014</subfield>
    <subfield code="p">13 001499</subfield>
    <subfield code="r">2017-03-23</subfield>
    <subfield code="t">1</subfield>
    <subfield code="w">2017-03-23</subfield>
    <subfield code="y">LB</subfield>
  </datafield>
  <datafield tag="952" ind1=" " ind2=" ">
    <subfield code="0">0</subfield>
    <subfield code="1">0</subfield>
    <subfield code="2">lcc</subfield>
    <subfield code="4">0</subfield>
    <subfield code="7">0</subfield>
    <subfield code="a">13</subfield>
    <subfield code="b">13</subfield>
    <subfield code="d">2017-03-23</subfield>
    <subfield code="l">0</subfield>
    <subfield code="o">G155.A1 I57 2014</subfield>
    <subfield code="p">13 001506</subfield>
    <subfield code="r">2017-03-23</subfield>
    <subfield code="t">2</subfield>
    <subfield code="w">2017-03-23</subfield>
    <subfield code="y">LB</subfield>
  </datafield>
  <datafield tag="952" ind1=" " ind2=" ">
    <subfield code="0">0</subfield>
    <subfield code="1">0</subfield>
    <subfield code="2">lcc</subfield>
    <subfield code="4">0</subfield>
    <subfield code="7">0</subfield>
    <subfield code="a">20</subfield>
    <subfield code="b">20</subfield>
    <subfield code="d">2017-03-25</subfield>
    <subfield code="l">0</subfield>
    <subfield code="o">G155.A1 I57 2014</subfield>
    <subfield code="p">20 003614</subfield>
    <subfield code="r">2017-03-25</subfield>
    <subfield code="t">5</subfield>
    <subfield code="w">2017-03-25</subfield>
    <subfield code="y">LB</subfield>
  </datafield>
  <datafield tag="952" ind1=" " ind2=" ">
    <subfield code="0">0</subfield>
    <subfield code="1">0</subfield>
    <subfield code="2">lcc</subfield>
    <subfield code="4">0</subfield>
    <subfield code="7">0</subfield>
    <subfield code="a">20</subfield>
    <subfield code="b">20</subfield>
    <subfield code="d">2017-04-20</subfield>
    <subfield code="l">1</subfield>
    <subfield code="o">G155.A1 I57 2014</subfield>
    <subfield code="p">20 003643</subfield>
    <subfield code="r">2018-02-28</subfield>
    <subfield code="s">2018-02-26</subfield>
    <subfield code="t">6</subfield>
    <subfield code="w">2017-04-20</subfield>
    <subfield code="y">LB</subfield>
  </datafield>
  <datafield tag="952" ind1=" " ind2=" ">
    <subfield code="0">0</subfield>
    <subfield code="1">0</subfield>
    <subfield code="4">0</subfield>
    <subfield code="7">0</subfield>
    <subfield code="a">22</subfield>
    <subfield code="b">22</subfield>
    <subfield code="d">2019-12-02</subfield>
    <subfield code="l">0</subfield>
    <subfield code="o">G155.A1 I57 2014</subfield>
    <subfield code="p">24 001299</subfield>
    <subfield code="r">2019-12-02</subfield>
    <subfield code="t">1</subfield>
    <subfield code="w">2019-12-02</subfield>
    <subfield code="y">LB</subfield>
  </datafield>
  <datafield tag="999" ind1=" " ind2=" ">
    <subfield code="c">101235</subfield>
    <subfield code="d">101235</subfield>
  </datafield>
  <controlfield tag="005">20231102152006.0</controlfield>
  <controlfield tag="008">161025b    2014sp ||||| |||| 00| 0 spa d</controlfield>
  <datafield tag="020" ind1=" " ind2=" ">
    <subfield code="a">9788415552789</subfield>
  </datafield>
  <datafield tag="050" ind1=" " ind2=" ">
    <subfield code="a">G155.A1</subfield>
    <subfield code="b">I57 2014</subfield>
  </datafield>
  <datafield tag="100" ind1=" " ind2=" ">
    <subfield code="a">Castejon Montijano, Rafael</subfield>
    <subfield code="e">autor</subfield>
  </datafield>
  <datafield tag="245" ind1=" " ind2=" ">
    <subfield code="a">Introducci&#xF3;n a la econom&#xED;a para turismo</subfield>
    <subfield code="c"> / Rafael Castej&#xF3;n Montijano</subfield>
  </datafield>
  <datafield tag="250" ind1=" " ind2=" ">
    <subfield code="a">3a edici&#xF3;n</subfield>
  </datafield>
  <datafield tag="260" ind1=" " ind2=" ">
    <subfield code="a">Madrid (Espa&#xF1;a)</subfield>
    <subfield code="b"> : Pearson</subfield>
    <subfield code="c"> , 2014</subfield>
  </datafield>
  <datafield tag="300" ind1=" " ind2=" ">
    <subfield code="a">xiii, 309 p&#xE1;ginas</subfield>
  </datafield>
  <datafield tag="500" ind1=" " ind2=" ">
    <subfield code="a">Incluye contenido, pr&#xF3;logo, resumen, t&#xE9;rminos de clave, cuestiones, ejercicios y soluciones</subfield>
  </datafield>
  <datafield tag="505" ind1=" " ind2=" ">
    <subfield code="a">&#xBF;Qu&#xE9; es la econom&#xED;a y de que se ocupa?
Los agentes econ&#xF3;micos
Una aproximaci&#xF3;n global al funcionamiento de la econom&#xED;a
La oferta y la demanda tur&#xED;stica: el funcionamiento del mercado
Producci&#xF3;n y costes
Los mercados
Los mercados de factores productivos. El mercado del trabajo
El sector p&#xFA;blico y los mercados
Las cuentas nacionales
El dinero
La pol&#xED;tica econ&#xF3;mica
El comercio internacional. El turismo en el marco internacional
El sector exterior y el turismo. Tipo de cambio y mercado de divisas
La organizaci&#xF3;n de la econom&#xED;a supranacional: la Uni&#xF3;n Europea </subfield>
  </datafield>
  <datafield tag="519" ind1=" " ind2=" ">
    <subfield code="a">Plan Flexible /</subfield>
    <subfield code="b">Gastronom&#xED;a /</subfield>
    <subfield code="c">Turismo (B01-3) /</subfield>
    <subfield code="d">(20 003537)</subfield>
  </datafield>
  <datafield tag="519" ind1=" " ind2=" ">
    <subfield code="a">Plan Flexible /</subfield>
    <subfield code="b">Gastronom&#xED;a /</subfield>
    <subfield code="c">Mundo Contempor&#xE1;neo (B06-2) /</subfield>
    <subfield code="d">(20 003538)</subfield>
  </datafield>
  <datafield tag="519" ind1=" " ind2=" ">
    <subfield code="a">Plan Flexible /</subfield>
    <subfield code="b">Administraci&#xF3;n de Empresas Tur&#xED;sticas /</subfield>
    <subfield code="c">Procesos Tur&#xED;sticos II (B03-2) /</subfield>
    <subfield code="d">(20 003546)</subfield>
  </datafield>
  <datafield tag="519" ind1=" " ind2=" ">
    <subfield code="a">Plan Flexible /</subfield>
    <subfield code="b">Gastronom&#xED;a /</subfield>
    <subfield code="c">Entorno Turistico Mundial (B12-6) /</subfield>
    <subfield code="d">(20 003590)</subfield>
  </datafield>
  <datafield tag="519" ind1=" " ind2=" ">
    <subfield code="a">Plan Flexible / </subfield>
    <subfield code="b">Mtria. En Administraci&#xF3;n de Negocios / </subfield>
    <subfield code="c">Entorno Econ&#xF3;mico Nacional y Global (P06-2) / </subfield>
    <subfield code="d">(07 006029)</subfield>
  </datafield>
  <datafield tag="519" ind1=" " ind2=" ">
    <subfield code="a">Plan Flexible /</subfield>
    <subfield code="b">Mtria. En Gesti&#xF3;n de Negocios Gastron&#xF3;micos / </subfield>
    <subfield code="c">Gesti&#xF3;n de franquicias (P02-3) / </subfield>
    <subfield code="d">(07 006030)</subfield>
  </datafield>
  <datafield tag="519" ind1=" " ind2=" ">
    <subfield code="a">Plan Flexible / </subfield>
    <subfield code="b">Administraci&#xF3;n de Empresas Tur&#xED;sticas / </subfield>
    <subfield code="c">Procesos Tur&#xED;sticos II (B03-2) / </subfield>
    <subfield code="d">(13 001499)</subfield>
  </datafield>
  <datafield tag="519" ind1=" " ind2=" ">
    <subfield code="a">Plan Flexible / </subfield>
    <subfield code="b">Gastronom&#xED;a / </subfield>
    <subfield code="c">Turismo (B01-3) / </subfield>
    <subfield code="d">(13 001506)</subfield>
  </datafield>
  <datafield tag="519" ind1=" " ind2=" ">
    <subfield code="a">Plan Flexible / </subfield>
    <subfield code="b">Bachillerato IPN / </subfield>
    <subfield code="c">Contabilidades especiales (N5-V-4) / </subfield>
    <subfield code="d">(24 001299)</subfield>
  </datafield>
  <datafield tag="519" ind1=" " ind2=" ">
    <subfield code="a">Material Complementario / </subfield>
    <subfield code="b">Administraci&#xF3;n de Empresas Tur&#xED;sticas / </subfield>
    <subfield code="d">(20 003614)</subfield>
  </datafield>
  <datafield tag="519" ind1=" " ind2=" ">
    <subfield code="a">Material Complementario / </subfield>
    <subfield code="b">Gastronom&#xED;a / </subfield>
    <subfield code="c"> </subfield>
    <subfield code="d">(20 003643)</subfield>
  </datafield>
  <datafield tag="650" ind1=" " ind2="0">
    <subfield code="a">ECONOM&#xCD;A - TURISMO</subfield>
    <subfield code="v">OFERTA Y DEMANDA</subfield>
    <subfield code="x">TURISMO - MERCADEO</subfield>
  </datafield>
  <datafield tag="700" ind1=" " ind2=" ">
    <subfield code="a">M&#xE8;ndez P&#xE9;rez, Ester</subfield>
    <subfield code="e">autor</subfield>
  </datafield>
  <datafield tag="700" ind1=" " ind2=" ">
    <subfield code="a">Mart&#xED;nez Merino, Juan Luis</subfield>
    <subfield code="e">autor</subfield>
  </datafield>
  <datafield tag="700" ind1=" " ind2=" ">
    <subfield code="a">P&#xE9;rez Zabaleta, Amelia</subfield>
    <subfield code="e">autor</subfield>
  </datafield>
  <datafield tag="942" ind1=" " ind2=" ">
    <subfield code="c">LB</subfield>
    <subfield code="2">lcc</subfield>
  </datafield>
</record>
